01035nam a22002777a 45000010005000000030006000050050017000110080041000280200018000690400032000870500015001190820010001341000017001442450076001612500046002372600038002833000065003215050008003865200207003945210029006015210022006306500022006526500024006746500023006987000036007217715FISKH20250801091307.0250801b cb ||||| |||| 00| 0 eng d a9780439077767 aFISKH bengcFISKH dFISKH  aPZ8.S573 C a398.2 aSierra, Judy aCounting crocodiles /cby Judy Sierra : Illustrated by Will Hillenbrand aFirst Scholastic printing, September 1998 aNew York : bScholastic , c1997. a40 unnumbered pages : bcolor illustrations ;c23 x 28 cm .  aJ  aIn this rhymed retelling of a traditional Asian tale, a clever monkey uses her ability to count to outwit the hungry crocodiles that stand between her and a banana tree on another island across the sea.8 a500 bLexile estimate 8 aJ bRaz-Plus  aMonkeys vFiction aCrocodilesvFiction aCounting vFiction aHillenbrand, WilleIllustrator